Statistics for Capitals by Country Flag Quiz

Click here to take the quiz!

General Stats

  • This quiz has been taken 37 times
    (30 since last reset)
  • The average score is 18 of 20

Answer Stats

Answer% Correct
Berlin
100%
Brasilia
100%
Cairo
100%
Paris
100%
Seoul
100%
Tokyo
100%
Washington, D.C.
100%
Kiev
96%
Montevideo
96%
Stockholm
96%
Tallin
96%
Brussels
87%
Dhaka
87%
Islamabad
87%
Sarajevo
83%
Taipei
83%
Warsaw
83%
Kinshasa
78%
Luanda
74%
Nur-Sultan
70%

Score Distribution

Percentile by Number Answered

Percent of People with Each Score

Your Score History

You have not taken this quiz since the last reset